Normale Ansicht
MARC-Ansicht
Eintrag Personenname
001 - Kontrollnummer
- Kontrollfeld: 3158
003 - Kontrollnummer Identifier
- Kontrollfeld: RU-10907106
005 - Datum und Zeit der letzten Transaktion
- Kontrollfeld: 20220225150419.0
008 - Datenelemente mit fester Länge
- Kontrollfeld mit fester Länge: 220225|| aca||aabn | a|a d
040 ## - Katalogisierungsquelle
- Original-Katalogisierungsstelle: RU-10907106
- Übertragungsstelle: RU-10907106
100 ## - Ansetzung - Personenname
- Personenname: Lobaškova, Tat'jana Anatol'evna
670 ## - Datenquelle
- Quellenangabe: Work cat.: (RU-10907106)50219: Zapiski Michaila Garnovskogo [2] Ekaterina i Potemkin : podlinnaja ich perepiska, 1782-1791